The Library of Congress Recordings. Volume 3, The pearls

Bibliographic Details
Other Authors: Morton, Jelly Roll, 1890-1941 (Instrumentalist, Singer), Lomax, Alan, 1915-2002 (Interviewer)
Format: CD Audio
Language:English
Published: Cambridge, Mass. : Rounder, p1993.
Series:Morton, Jelly Roll, 1890-1941. Library of Congress recordings ; v. 3.
Subjects:

MARC

Tag First Indicator Second Indicator Subfields
LEADER 00000cjm a2200000Ia 4500
001 in00001311921
005 20200904114751.0
007 sd fungnnmmneu
008 940816p19931938maujznn f n eng d
035 |a (OCoLC)ocm30955958 
035 |a (OCoLC)30955958 
035 |9 AHA9162AM 
040 |a JED  |b eng  |c JED  |d OCLCQ  |d BTCTA  |d OCLCG  |d ORX  |d VPL  |d KSU  |d OCLCA  |d OCLCQ  |d OCLCO  |d OCLCA  |d P4I  |d OCLCO  |d OCLCF  |d OCLCA  |d LGG  |d OCL  |d TXA 
019 |a 33185139 
024 1 |a 011661109322 
028 0 2 |a CD 1093  |b Rounder 
033 2 0 |a 19380523  |a 19380607  |b 3854 
035 |a (OCoLC)30955958  |z (OCoLC)33185139 
050 4 |a M1366.M67  |b P42 1993 
082 0 4 |a 781.653  |b MOR  |2 20 
049 |a TXAM 
100 1 |a Morton, Jelly Roll,  |d 1890-1941.  |4 itr  |4 sng 
245 1 4 |a The Library of Congress Recordings.  |n Volume 3,  |p The pearls  |h [sound recording] /  |c Jelly Roll Morton. 
260 |a Cambridge, Mass. :  |b Rounder,  |c p1993. 
300 |a 1 sound disc :  |b digital ;  |c 4 3/4 in. 
306 |a 010930 
336 |a performed music  |b prm  |2 rdacontent 
337 |a audio  |b s  |2 rdamedia 
338 |a audio disc  |b sd  |2 rdacarrier 
490 1 |a The Library of Congress recordings ;  |v v. 3 
511 0 |a Jelly Roll Morton, piano, vocals ; and in interviews with Alan Lomax. 
518 |a Recorded May 23-June 7, 1938 by Alan Lomax in Coolidge Auditorium, Library of Congress, Washington, D.C. 
500 |a Biographical and program notes by James Dapogny ([8] p.)--in container. 
500 |a Compact disc. 
505 0 |a The murder ballad : part 1 (4:05) -- The murder ballad : part 2, "Now let me tell you ..." (4:17) --The murder ballad : part 3, "I know you've got my man ..." (4:29) -- The murder ballad : part 4, "They brought that gal to the prison gate ..." (4:19) -- The murder ballad : part 5, "Gal, when I get through, you'll think I'm a man ..." (4:15) -- The murder ballad : part 6, "Ask my sister, please don't be like me ..." (4:29) -- The murder ballad : part 7, "Goodbye to the world: I know I'm gone ..." (4:32) -- Fickle Fay creep (3:17) -- Jungle blues (3:43) -- King Porter stomp, no. 2 (2:57) -- Sweet Peter (3:04) -- Hyena stomp (3:32) --Wolverine blues (begun) (3:45) -- Wolverine blues (concluded) (4:04) -- State and Madison (3:48) --The pearls (begun) (3:28) -- The pearls (concluded) (3:35) -- Bert Williams (3:41). 
600 1 0 |a Morton, Jelly Roll,  |d 1890-1941  |v Interviews. 
600 1 7 |a Morton, Jelly Roll,  |d 1890-1941.  |2 fast  |0 (OCoLC)fst01836097 
650 0 |a Jazz  |y 1931-1940. 
650 0 |a Jazz vocals. 
650 0 |a Piano music (Jazz) 
650 0 |a Piano music (Ragtime) 
650 0 |a Ragtime music. 
650 7 |a Jazz.  |2 fast  |0 (OCoLC)fst00982165 
650 7 |a Jazz vocals.  |2 fast  |0 (OCoLC)fst00982216 
650 7 |a Piano music (Jazz)  |2 fast  |0 (OCoLC)fst01063433 
650 7 |a Piano music (Ragtime)  |2 fast  |0 (OCoLC)fst01063449 
650 7 |a Ragtime music.  |2 fast  |0 (OCoLC)fst01088526 
648 7 |a 1931-1940  |2 fast 
655 7 |a Interviews.  |2 fast  |0 (OCoLC)fst01423832 
700 1 |a Lomax, Alan,  |d 1915-2002.  |4 ivr 
800 1 |a Morton, Jelly Roll,  |d 1890-1941.  |t Library of Congress recordings ;  |v v. 3. 
994 |a C0  |b TXA 
948 |a cataloged  |b h  |c 2016/5/10  |d c  |e rueschhof/jolivare  |f 2:24:53 pm 
999 f f |s 3025dcfc-bf6b-3c1b-9c7c-a19b3b0ccdce  |i 515630ab-36e7-3c28-880c-8b5fcaf04492  |t 0 
952 f f |p ric  |a Texas A&M University  |b Rellis Campus  |c Joint Library Facility  |d Remote Storage  |t 0  |e M1366.M77 P43 1993  |h Library of Congress classification  |i audio -- audio disc  |m A14839229272 
998 f f |a M1366.M77 P43 1993  |t 0  |l Remote Storage